01876cam a22003854i 4500003000900000005001700009008004100026020001500067020001800082035002000100040003300120082001900153100003600172245010800208264004700316300003900363336002100402337002500423338002300448490006900471505078700540526001001327526001001337526001001347526001001357526000801367526000801375526000801383526000801391526000801399526000801407526000801415650005301423650001401476PE-LiUPU20250731172901.0150706s r 000 0 d a0310518164 a9780310518167 a(Sirsi) a165914 aPE-LiUPUbspacPE-LiUPUerda04a253.5bL212211 aLambert, Heath,d1979-,eautor.14aA theology of biblical counseling :bthe doctrinal foundations of counseling ministry /cHeath Lambert. 1aGrand Rapids, Michigan :bZondervan,c2016. a344 páginas ;c24 centímetros. atext2rdacontent aunmediated2rdamedia avolume2rdacarrier0 aInterdisciplinary studies in ancient culture and religion ;v12.0 aCounseling and theology: a crucial introduction -- Biblical counseling and a theology of scripture -- Biblical counseling and a theology of common grace -- Biblical counseling and a theology of God -- Biblical counseling and a theology of Christ -- Biblical counseling and a theology of the Holy Spirit -- Biblical counseling and a theology of humanity -- Biblical counseling and a theology of sin -- Biblical counseling and a theology of suffering -- Biblical counseling and a theology of salvation -- Biblical counseling and a theology for the church -- Biblical counseling and the goal of theology -- Statement from the Association Of Certified Biblical Counselors regarding mental disorders, medicine, and counseling -- Biblical counseling, general revelation, and common grace. aSEG42 aSEG41 aSEG40 aSEG39 aP94 aP87 aP86 aP85 aP77 aP76 aP3504aAsesoramientoxAspectos religiososxCristianismo04aTeologia.